000
00394nam a2200133Ia 4500
008
191206s9999 xx 000 0 und d
020
_a
094618318X :
090
_a
HM51.566348
245
0
_a
"Sociology, new directions"
260
_a
Causeway Books
260
_c
cc1985
300
_a
675 p. : ill. ; 22 cm.
999
_c
16922
_d
16922